<?xml version="1.0" encoding="UTF-8"?>
<record
    xmlns:xsi="http://www.w3.org/2001/XMLSchema-instance"
    xsi:schemaLocation="http://www.loc.gov/MARC21/slim http://www.loc.gov/standards/marcxml/schema/MARC21slim.xsd"
    xmlns="http://www.loc.gov/MARC21/slim">

  <leader>00532nam a22001937a 4500</leader>
  <controlfield tag="003">OSt</controlfield>
  <controlfield tag="005">20260609151041.0</controlfield>
  <controlfield tag="008">260609b        |||||||| |||| 00| 0 eng d</controlfield>
  <datafield tag="020" ind1=" " ind2=" ">
    <subfield code="a">9780470874134</subfield>
  </datafield>
  <datafield tag="040" ind1=" " ind2=" ">
    <subfield code="c">Chuka University Library</subfield>
  </datafield>
  <datafield tag="050" ind1=" " ind2=" ">
    <subfield code="a">LB 2805</subfield>
    <subfield code="b">.R6 2011</subfield>
  </datafield>
  <datafield tag="100" ind1=" " ind2=" ">
    <subfield code="a">Robinson, Viviane</subfield>
    <subfield code="9">28022</subfield>
  </datafield>
  <datafield tag="245" ind1=" " ind2=" ">
    <subfield code="a">Student-Centered Leadership</subfield>
  </datafield>
  <datafield tag="250" ind1=" " ind2=" ">
    <subfield code="a">1st Ed.</subfield>
  </datafield>
  <datafield tag="260" ind1=" " ind2=" ">
    <subfield code="a">San Francisco</subfield>
    <subfield code="b">Jossey Bass</subfield>
    <subfield code="c">2011</subfield>
  </datafield>
  <datafield tag="300" ind1=" " ind2=" ">
    <subfield code="a">Various pages</subfield>
    <subfield code="b">Illustrated</subfield>
  </datafield>
  <datafield tag="650" ind1=" " ind2=" ">
    <subfield code="a">Educational Leadership</subfield>
    <subfield code="9">11614</subfield>
  </datafield>
  <datafield tag="942" ind1=" " ind2=" ">
    <subfield code="2">lcc</subfield>
    <subfield code="c">BK</subfield>
    <subfield code="n">0</subfield>
  </datafield>
  <datafield tag="952" ind1=" " ind2=" ">
    <subfield code="0">0</subfield>
    <subfield code="1">0</subfield>
    <subfield code="2">lcc</subfield>
    <subfield code="4">0</subfield>
    <subfield code="7">0</subfield>
    <subfield code="8">LGL</subfield>
    <subfield code="a">CHK</subfield>
    <subfield code="b">CHK</subfield>
    <subfield code="c">GEN</subfield>
    <subfield code="d">2026-06-09</subfield>
    <subfield code="e">Donation from books of Africa</subfield>
    <subfield code="g">1900.71</subfield>
    <subfield code="l">0</subfield>
    <subfield code="o">LB 2805 .R6 2011</subfield>
    <subfield code="p">33636/2026</subfield>
    <subfield code="r">2026-06-09 15:15:13</subfield>
    <subfield code="t">3</subfield>
    <subfield code="w">2026-06-09</subfield>
    <subfield code="y">BK</subfield>
  </datafield>
  <datafield tag="952" ind1=" " ind2=" ">
    <subfield code="0">0</subfield>
    <subfield code="1">0</subfield>
    <subfield code="2">lcc</subfield>
    <subfield code="4">0</subfield>
    <subfield code="7">0</subfield>
    <subfield code="8">LGL</subfield>
    <subfield code="a">CHK</subfield>
    <subfield code="b">CHK</subfield>
    <subfield code="c">GEN</subfield>
    <subfield code="d">2026-06-09</subfield>
    <subfield code="e">Donation from books of Africa</subfield>
    <subfield code="g">1900.71</subfield>
    <subfield code="l">0</subfield>
    <subfield code="o">LB 2805 .R6 2011</subfield>
    <subfield code="p">33625/2026</subfield>
    <subfield code="r">2026-06-09 15:19:30</subfield>
    <subfield code="t">6</subfield>
    <subfield code="w">2026-06-09</subfield>
    <subfield code="y">BK</subfield>
  </datafield>
  <datafield tag="952" ind1=" " ind2=" ">
    <subfield code="0">0</subfield>
    <subfield code="1">0</subfield>
    <subfield code="2">lcc</subfield>
    <subfield code="4">0</subfield>
    <subfield code="7">0</subfield>
    <subfield code="8">LGL</subfield>
    <subfield code="a">CHK</subfield>
    <subfield code="b">CHK</subfield>
    <subfield code="c">GEN</subfield>
    <subfield code="d">2026-06-09</subfield>
    <subfield code="e">Donation from books of Africa</subfield>
    <subfield code="g">1900.71</subfield>
    <subfield code="l">0</subfield>
    <subfield code="o">LB 2805 .R6 2011</subfield>
    <subfield code="r">2026-06-09 15:20:08</subfield>
    <subfield code="t">2</subfield>
    <subfield code="w">2026-06-09</subfield>
    <subfield code="y">BK</subfield>
  </datafield>
  <datafield tag="952" ind1=" " ind2=" ">
    <subfield code="0">0</subfield>
    <subfield code="1">0</subfield>
    <subfield code="2">lcc</subfield>
    <subfield code="4">0</subfield>
    <subfield code="7">0</subfield>
    <subfield code="8">LGL</subfield>
    <subfield code="a">CHK</subfield>
    <subfield code="b">CHK</subfield>
    <subfield code="c">GEN</subfield>
    <subfield code="d">2026-06-09</subfield>
    <subfield code="e">Donation from books of Africa</subfield>
    <subfield code="g">1900.71</subfield>
    <subfield code="l">0</subfield>
    <subfield code="o">LB 2805 .R6 2011</subfield>
    <subfield code="p">33627/2026</subfield>
    <subfield code="r">2026-06-09 15:21:00</subfield>
    <subfield code="t">8</subfield>
    <subfield code="w">2026-06-09</subfield>
    <subfield code="y">BK</subfield>
  </datafield>
  <datafield tag="952" ind1=" " ind2=" ">
    <subfield code="0">0</subfield>
    <subfield code="1">0</subfield>
    <subfield code="2">lcc</subfield>
    <subfield code="4">0</subfield>
    <subfield code="7">0</subfield>
    <subfield code="8">LGL</subfield>
    <subfield code="a">CHK</subfield>
    <subfield code="b">CHK</subfield>
    <subfield code="c">GEN</subfield>
    <subfield code="d">2026-06-09</subfield>
    <subfield code="e">Donation from books of Africa</subfield>
    <subfield code="g">1900.71</subfield>
    <subfield code="l">0</subfield>
    <subfield code="o">LB 2805 .R6 2011</subfield>
    <subfield code="p">33634/2026</subfield>
    <subfield code="r">2026-06-09 15:21:59</subfield>
    <subfield code="t">4</subfield>
    <subfield code="w">2026-06-09</subfield>
    <subfield code="y">BK</subfield>
  </datafield>
  <datafield tag="952" ind1=" " ind2=" ">
    <subfield code="0">0</subfield>
    <subfield code="1">0</subfield>
    <subfield code="2">lcc</subfield>
    <subfield code="4">0</subfield>
    <subfield code="7">0</subfield>
    <subfield code="8">LGL</subfield>
    <subfield code="a">CHK</subfield>
    <subfield code="b">CHK</subfield>
    <subfield code="c">GEN</subfield>
    <subfield code="d">2026-06-09</subfield>
    <subfield code="e">Donation from books of Africa</subfield>
    <subfield code="g">1900.71</subfield>
    <subfield code="l">0</subfield>
    <subfield code="o">LB 2805 .R6 2011</subfield>
    <subfield code="p">33635/2026</subfield>
    <subfield code="r">2026-06-09 15:23:46</subfield>
    <subfield code="t">8</subfield>
    <subfield code="w">2026-06-09</subfield>
    <subfield code="y">BK</subfield>
  </datafield>
  <datafield tag="952" ind1=" " ind2=" ">
    <subfield code="0">0</subfield>
    <subfield code="1">0</subfield>
    <subfield code="2">lcc</subfield>
    <subfield code="4">0</subfield>
    <subfield code="7">0</subfield>
    <subfield code="8">LGL</subfield>
    <subfield code="a">CHK</subfield>
    <subfield code="b">CHK</subfield>
    <subfield code="c">GEN</subfield>
    <subfield code="d">2026-06-09</subfield>
    <subfield code="e">Donation from books of Africa</subfield>
    <subfield code="g">1900.71</subfield>
    <subfield code="l">0</subfield>
    <subfield code="o">LB 2805 .R6 2011</subfield>
    <subfield code="p">33633/2026</subfield>
    <subfield code="r">2026-06-09 15:25:43</subfield>
    <subfield code="t">5</subfield>
    <subfield code="w">2026-06-09</subfield>
    <subfield code="y">BK</subfield>
  </datafield>
  <datafield tag="952" ind1=" " ind2=" ">
    <subfield code="0">0</subfield>
    <subfield code="1">0</subfield>
    <subfield code="2">lcc</subfield>
    <subfield code="4">0</subfield>
    <subfield code="7">0</subfield>
    <subfield code="8">LGL</subfield>
    <subfield code="a">CHK</subfield>
    <subfield code="b">CHK</subfield>
    <subfield code="c">GEN</subfield>
    <subfield code="d">2026-06-09</subfield>
    <subfield code="e">Donation from books of Africa</subfield>
    <subfield code="g">1900.71</subfield>
    <subfield code="l">0</subfield>
    <subfield code="o">LB 2805 .R6 2011</subfield>
    <subfield code="p">33632/2026</subfield>
    <subfield code="r">2026-06-09 15:26:42</subfield>
    <subfield code="t">1</subfield>
    <subfield code="w">2026-06-09</subfield>
    <subfield code="y">BK</subfield>
  </datafield>
  <datafield tag="952" ind1=" " ind2=" ">
    <subfield code="0">0</subfield>
    <subfield code="1">0</subfield>
    <subfield code="2">lcc</subfield>
    <subfield code="4">0</subfield>
    <subfield code="7">0</subfield>
    <subfield code="8">LGL</subfield>
    <subfield code="a">CHK</subfield>
    <subfield code="b">CHK</subfield>
    <subfield code="c">GEN</subfield>
    <subfield code="d">2026-06-09</subfield>
    <subfield code="e">Donation from books of Africa</subfield>
    <subfield code="g">1900.71</subfield>
    <subfield code="l">0</subfield>
    <subfield code="o">LB 2805 .R6 2011</subfield>
    <subfield code="p">33630/2026</subfield>
    <subfield code="r">2026-06-09 15:29:22</subfield>
    <subfield code="t">9</subfield>
    <subfield code="w">2026-06-09</subfield>
    <subfield code="y">BK</subfield>
  </datafield>
  <datafield tag="952" ind1=" " ind2=" ">
    <subfield code="0">0</subfield>
    <subfield code="1">0</subfield>
    <subfield code="2">lcc</subfield>
    <subfield code="4">0</subfield>
    <subfield code="7">0</subfield>
    <subfield code="8">LGL</subfield>
    <subfield code="a">CHK</subfield>
    <subfield code="b">CHK</subfield>
    <subfield code="c">GEN</subfield>
    <subfield code="d">2026-06-09</subfield>
    <subfield code="e">Donation from books of Africa</subfield>
    <subfield code="g">1900.71</subfield>
    <subfield code="l">0</subfield>
    <subfield code="o">LB 2805 .R6 2011</subfield>
    <subfield code="p">33629/2026</subfield>
    <subfield code="r">2026-06-09 15:30:25</subfield>
    <subfield code="t">10</subfield>
    <subfield code="w">2026-06-09</subfield>
    <subfield code="y">BK</subfield>
  </datafield>
  <datafield tag="952" ind1=" " ind2=" ">
    <subfield code="0">0</subfield>
    <subfield code="1">0</subfield>
    <subfield code="2">lcc</subfield>
    <subfield code="4">0</subfield>
    <subfield code="7">0</subfield>
    <subfield code="8">LGL</subfield>
    <subfield code="a">CHK</subfield>
    <subfield code="b">CHK</subfield>
    <subfield code="c">GEN</subfield>
    <subfield code="d">2026-06-09</subfield>
    <subfield code="e">Donation from books of Africa</subfield>
    <subfield code="g">1900.71</subfield>
    <subfield code="l">0</subfield>
    <subfield code="o">LB 2805 .R6 2011</subfield>
    <subfield code="p">33628/2026</subfield>
    <subfield code="r">2026-06-09 15:31:26</subfield>
    <subfield code="t">7</subfield>
    <subfield code="w">2026-06-09</subfield>
    <subfield code="y">BK</subfield>
  </datafield>
  <datafield tag="952" ind1=" " ind2=" ">
    <subfield code="0">0</subfield>
    <subfield code="1">0</subfield>
    <subfield code="2">lcc</subfield>
    <subfield code="4">0</subfield>
    <subfield code="7">0</subfield>
    <subfield code="8">LGL</subfield>
    <subfield code="a">CHK</subfield>
    <subfield code="b">CHK</subfield>
    <subfield code="c">GEN</subfield>
    <subfield code="d">2026-06-09</subfield>
    <subfield code="e">Donation from books of Africa</subfield>
    <subfield code="g">1900.71</subfield>
    <subfield code="l">0</subfield>
    <subfield code="o">LB 2805 .R6 2011</subfield>
    <subfield code="p">33631/2026</subfield>
    <subfield code="r">2026-06-09 15:33:29</subfield>
    <subfield code="t">2</subfield>
    <subfield code="w">2026-06-09</subfield>
    <subfield code="y">BK</subfield>
  </datafield>
  <datafield tag="999" ind1=" " ind2=" ">
    <subfield code="c">23693</subfield>
    <subfield code="d">23693</subfield>
  </datafield>
</record>
